000 00982nam a2200253Ia 4500
003 OSt
005 20221002050503.0
006 a|||||r|||| 00| 0
007 ta
008 220930b |||||||| |||| 00| 0 hin d
020 _c36
024 _a8794
037 _b20480, 08/01/2014, Hindi Madhyam Karyanvyan Nideshalye
_cReference Collections
040 _aCRL
_cCRL
_bhin
041 _2hin
_ahin
082 _aB28k, 152M1(RR)
100 _aसिंघल, लज्जाराम
245 0 _aसांख्यिकी परिभाड्ढा कोश
260 _aदिल्ली
_bविश्वविद्यालय हिन्दी माध्यम भारत
_c1981
300 _a432पृ0
_ccm.
650 _aग्थ्ण्ज्ञत्
942 _hB28k, 152M1(RR)
_cref
_2CC
999 _c914698
_d914698